<?xml version="1.0" encoding="UTF-8"?>
<record
    xmlns:xsi="http://www.w3.org/2001/XMLSchema-instance"
    xsi:schemaLocation="http://www.loc.gov/MARC21/slim http://www.loc.gov/standards/marcxml/schema/MARC21slim.xsd"
    xmlns="http://www.loc.gov/MARC21/slim">

  <leader>01413nam a2200193 a 4500</leader>
  <controlfield tag="008">161215e2018    ag  |||g |||| 00| 1 spa d</controlfield>
  <datafield tag="020" ind1=" " ind2=" ">
    <subfield code="a">9789507540462</subfield>
  </datafield>
  <datafield tag="041" ind1=" " ind2=" ">
    <subfield code="a">spa</subfield>
  </datafield>
  <datafield tag="092" ind1=" " ind2=" ">
    <subfield code="c">615.882</subfield>
    <subfield code="l">6</subfield>
    <subfield code="s">BAC</subfield>
  </datafield>
  <datafield tag="100" ind1="1" ind2=" ">
    <subfield code="a">Bach, Edward</subfield>
    <subfield code="c">Dr.</subfield>
    <subfield code="9">4341</subfield>
  </datafield>
  <datafield tag="245" ind1=" " ind2=" ">
    <subfield code="a">Bach por Bach.</subfield>
    <subfield code="b">Obras completas. Escritos florales /</subfield>
    <subfield code="c">Edward Bach</subfield>
  </datafield>
  <datafield tag="250" ind1=" " ind2=" ">
    <subfield code="a">1a ed.</subfield>
    <subfield code="b">Traducci&#xF3;n B&#xE1;rbara Espeche y Eduardo H. Grecco.</subfield>
  </datafield>
  <datafield tag="260" ind1=" " ind2=" ">
    <subfield code="a">Buenos Aires:</subfield>
    <subfield code="b">Continente;</subfield>
    <subfield code="c">2018.</subfield>
  </datafield>
  <datafield tag="300" ind1=" " ind2=" ">
    <subfield code="a">192 p.</subfield>
    <subfield code="c">23x16 cm.</subfield>
  </datafield>
  <datafield tag="500" ind1=" " ind2=" ">
    <subfield code="a">Bach, E. (2018). Bach por Bach. (1a ed.). Buenos Aires : Continente.</subfield>
  </datafield>
  <datafield tag="505" ind1=" " ind2=" ">
    <subfield code="a">Los escritos florales del Dr. Edward Bach se encontraban s&#xF3;lo parcialmente traducidos al castellano. B&#xE1;rbara Espeche y Eduardo H. Grecco, reconocidos especialistas en las terapias florales, han encarado una nueva y completa versi&#xF3;n de estos escritos, enmarc&#xE1;ndolos en el pensamiento de la &#xE9;poca y desarrollando, al mismo tiempo, un aparato de lectura del texto de Bach. Le ofrecemos al lector este libro con la certeza de que &#xE9;l habr&#xE1; de iluminar significativamente acerca del modo como Bach conceb&#xED;a su pr&#xE1;ctica curativa. "Detr&#xE1;s de toda enfermedad subyacen nuestros miedos, nuestras ansiedades, nuestra codicia, nuestras simpat&#xED;as y antipat&#xED;as; investiguemos estas emociones y cur&#xE9;moslas, puesto que con ellas desaparecer&#xE1;n tambi&#xE9;n las dolencias que padecemos".</subfield>
  </datafield>
  <datafield tag="655" ind1=" " ind2=" ">
    <subfield code="a">Terapias florales</subfield>
    <subfield code="9">4342</subfield>
  </datafield>
  <datafield tag="942" ind1=" " ind2=" ">
    <subfield code="2">ddc</subfield>
    <subfield code="c">LIT</subfield>
  </datafield>
  <datafield tag="999" ind1=" " ind2=" ">
    <subfield code="c">3293</subfield>
    <subfield code="d">3293</subfield>
  </datafield>
  <datafield tag="952" ind1=" " ind2=" ">
    <subfield code="0">0</subfield>
    <subfield code="1">0</subfield>
    <subfield code="2">ddc</subfield>
    <subfield code="4">0</subfield>
    <subfield code="7">0</subfield>
    <subfield code="a">BFM</subfield>
    <subfield code="b">BFM</subfield>
    <subfield code="c">CR</subfield>
    <subfield code="d">2025-07-25</subfield>
    <subfield code="e">Donaci&#xF3;n Guerra, Valeria. Julio 2025.</subfield>
    <subfield code="l">0</subfield>
    <subfield code="o">615.882 6 BAC</subfield>
    <subfield code="p">5068</subfield>
    <subfield code="r">2025-07-25</subfield>
    <subfield code="t">Ej. 1</subfield>
    <subfield code="w">2025-07-25</subfield>
    <subfield code="y">LIT</subfield>
    <subfield code="z">Donaci&#xF3;n Guerra, Valeria. Julio 2025. Sede Tordos.</subfield>
    <subfield code="f"></subfield>
  </datafield>
</record>
